[Event "GLOCAL SQUARE 53rd National Challengers Chess Cham"]
[Site "Naivedhyam Celebration Centre, Nagpur"]
[Date "2015.08.25"]
[Round "11"]
[Board "18"]
[White "Shashikant, Kutwal"]
[Black "Sharma, Dinesh K."]
[Result "1/2-1/2"]
[WhiteElo "2223"]
[BlackElo "2363"]
[PlyCount "88"]
[EventDate "2015.08.17"]
[EventRounds "13"]
[EventCountry "IND"]

1. e4 e6 2. d4 d5 3. Nc3 Nf6 4. Bg5 Bb4 5. e5 h6 6. Bd2 Bxc3 7. bxc3 Ne4 8. Qg4
Kf8 9. Qf4 c5 10. Bd3 Nxd2 11. Qxd2 Nc6 12. Nf3 c4 13. Be2 Ke7 14. h4 Kd7 15.
h5 Kc7 16. Qf4 Qf8 17. a4 Bd7 18. Nh2 Ne7 19. a5 Rc8 20. Nf1 Kb8 21. Ne3 Rc7
22. Kd2 Bc8 23. Qh2 Rc6 24. f4 Ra6 25. g4 Nc6 26. f5 Rxa5 27. f6 Rxa1 28. Rxa1
a6 29. g5 hxg5 30. Qg3 Rg8 31. Rh1 Ka7 32. Qxg5 gxf6 33. Qxf6 Rh8 34. h6 Rh7
35. Ng4 Ne7 36. Qg5 Nf5 37. Bf3 Kb8 38. Ne3 Ne7 39. Ng4 Nf5 40. Ne3 Nxe3 41.
Kxe3 Qa3 42. Kd2 Qf8 43. Ke3 Qa3 44. Kd2 Qf8 1/2-1/2

[Event "GLOCAL SQUARE 53rd National Challengers Chess Cham"]
[Site "Naivedhyam Celebration Centre, Nagpur"]
[Date "2015.08.25"]
[Round "11"]
[Board "19"]
[White "Girinath, P.D.S."]
[Black "Raghunandan, Kaumandur Srihari"]
[Result "1/2-1/2"]
[WhiteElo "2338"]
[BlackElo "2221"]
[PlyCount "50"]
[EventDate "2015.08.17"]
[EventRounds "13"]
[EventCountry "IND"]

1. e4 c5 2. Nf3 d6 3. Bb5+ Bd7 4. Bxd7+ Qxd7 5. O-O Nc6 6. c3 d5 7. d3 e6 8.
Qe2 Nge7 9. Re1 Ng6 10. h4 dxe4 11. dxe4 O-O-O 12. Na3 Qd3 13. Qxd3 Rxd3 14. h5
Nge5 15. Nxe5 Nxe5 16. Bf4 Bd6 17. Bxe5 Bxe5 18. Nc4 Bc7 19. Red1 Rhd8 20. Rxd3
Rxd3 21. a4 Kd7 22. Kf1 Kc6 23. Ke2 Rd8 24. g3 a6 25. f4 b5 1/2-1/2

[Event "GLOCAL SQUARE 53rd National Challengers Chess Cham"]
[Site "Naivedhyam Celebration Centre, Nagpur"]
[Date "2015.08.25"]
[Round "11"]
[Board "20"]
[White "Rajesh, V A V"]
[Black "Gokhale, Chandrashekhar"]
[Result "1/2-1/2"]
[WhiteElo "2330"]
[BlackElo "2218"]
[PlyCount "52"]
[EventDate "2015.08.17"]
[EventRounds "13"]
[EventCountry "IND"]

1. d4 d6 2. Nf3 Nd7 3. c4 e5 4. Nc3 Ngf6 5. e4 g6 6. h3 Bg7 7. Be3 exd4 8. Bxd4
O-O 9. Bd3 Re8 10. O-O Ne5 11. Re1 Nh5 12. Nxe5 dxe5 13. Be3 c6 14. Bf1 Qxd1
15. Raxd1 Nf4 16. Ne2 Ne6 17. Rd2 Bf8 18. Red1 Bc5 19. Bxc5 Nxc5 20. f3 a5 21.
Kf2 Be6 22. Nc3 Kf8 23. Ke3 Ke7 24. Be2 Rad8 25. Rxd8 Rxd8 26. Rxd8 Kxd8
 1/2-1/2

[Event "GLOCAL SQUARE 53rd National Challengers Chess Cham"]
[Site "Naivedhyam Celebration Centre, Nagpur"]
[Date "2015.08.26"]
[Round "12"]
[Board "1"]
[White "Karthikeyan, Murali"]
[Black "Kunte, Abhijit"]
[Result "1/2-1/2"]
[WhiteElo "2510"]
[BlackElo "2493"]
[PlyCount "50"]
[EventDate "2015.08.17"]
[EventRounds "13"]
[EventCountry "IND"]

1. e4 e5 2. Nf3 Nc6 3. Bb5 a6 4. Ba4 Nf6 5. Qe2 b5 6. Bb3 Be7 7. O-O O-O 8. c3
d5 9. d3 Bb7 10. Bg5 dxe4 11. dxe4 Nd7 12. Bc1 Na5 13. Bc2 c5 14. Rd1 Qc7 15.
Nbd2 Nf6 16. Nf1 Rad8 17. Rxd8 Rxd8 18. b3 c4 19. b4 Nc6 20. Bg5 Nh5 21. g3
Bxg5 22. Nxg5 Nf6 23. Rd1 Rxd1 24. Qxd1 Qd7 25. Qxd7 Nxd7 1/2-1/2

[Event "GLOCAL SQUARE 53rd National Challengers Chess Cham"]
[Site "Naivedhyam Celebration Centre, Nagpur"]
[Date "2015.08.26"]
[Round "12"]
[Board "2"]
[White "Shyaamnikhil, P"]
[Black "Swapnil, S. Dhopade"]
[Result "1/2-1/2"]
[WhiteElo "2420"]
[BlackElo "2458"]
[PlyCount "127"]
[EventDate "2015.08.17"]
[EventRounds "13"]
[EventCountry "IND"]

1. e4 c6 2. d4 d5 3. Nc3 dxe4 4. Nxe4 Bf5 5. Ng3 Bg6 6. h4 h6 7. Nf3 Nd7 8. h5
Bh7 9. Bd3 Bxd3 10. Qxd3 e6 11. Bd2 Ngf6 12. O-O-O Be7 13. Kb1 O-O 14. Ne4 Nxe4
15. Qxe4 Nf6 16. Qe2 Qd5 17. Be3 Rad8 18. Ne5 Nd7 19. Bc1 Nxe5 20. dxe5 Qa5 21.
Rde1 Rd4 22. c3 Rd5 23. g4 Rfd8 24. f4 Qa6 25. Qxa6 bxa6 26. Kc2 Bc5 27. Re4
Bb6 28. Rh2 Rd1 29. Rg2 Rh1 30. Bd2 g6 31. hxg6 fxg6 32. f5 g5 33. Rc4 c5 34.
fxe6 Re8 35. Be3 Rxe6 36. Bxc5 Rc6 37. b4 Re1 38. Rd4 Bxc5 39. Rd8+ Kg7 40.
Rd7+ Kg8 41. bxc5 Rxe5 42. Rxa7 Rexc5 43. Rg3 Ra5 44. Rd3 Rxa2+ 45. Kb3 Rf2 46.
Rd8+ Rf8 47. Rxf8+ Kxf8 48. c4 Ke8 49. Kb4 Kd8 50. c5 Kc8 51. Kc4 Rf6 52. Kd5
Kb8 53. Rh7 Kc8 54. Ke5 Rc6 55. Kd5 Rf6 56. Re7 Kd8 57. Ra7 Kc8 58. Rh7 Kd8 59.
c6 Kc8 60. Kc5 Rf4 61. Rh8+ Kc7 62. Rh7+ Kc8 63. Rh8+ Kc7 64. Rh7+ 1/2-1/2

[Event "GLOCAL SQUARE 53rd National Challengers Chess Cham"]
[Site "Naivedhyam Celebration Centre, Nagpur"]
[Date "2015.08.26"]
[Round "12"]
[Board "3"]
[White "Thejkumar, M. S."]
[Black "Venkatesh, M.R."]
[Result "1-0"]
[WhiteElo "2479"]
[BlackElo "2484"]
[PlyCount "77"]
[EventDate "2015.08.17"]
[EventRounds "13"]
[EventCountry "IND"]

1. d4 Nf6 2. c4 e6 3. Nf3 Bb4+ 4. Bd2 Qe7 5. g3 Bxd2+ 6. Qxd2 Nc6 7. Nc3 d5 8.
Ne5 dxc4 9. Bg2 Nxe5 10. dxe5 Nd7 11. Qd4 a6 12. Rc1 Rb8 13. Ne4 b5 14. O-O Bb7
15. Rfd1 Nb6 16. Nc5 Bxg2 17. Kxg2 O-O 18. b4 a5 19. bxa5 Rfd8 20. Qh4 Qxh4 21.
gxh4 Nd5 22. Kf3 c6 23. e4 Ne7 24. Ke3 f6 25. exf6 gxf6 26. a6 Kf7 27. a7 Ra8
28. Rxd8 Rxd8 29. Rd1 Ra8 30. Rd7 Ke8 31. Rb7 Nc8 32. Rb8 Rxa7 33. Rxc8+ Kf7
34. Rxc6 Ra3+ 35. Kf4 Rxa2 36. Rc7+ Kg6 37. Nxe6 Rxf2+ 38. Kg3 Rc2 39. Nf8+ 1-0

[Event "GLOCAL SQUARE 53rd National Challengers Chess Cham"]
[Site "Naivedhyam Celebration Centre, Nagpur"]
[Date "2015.08.26"]
[Round "12"]
[Board "4"]
[White "Sengupta, Deep"]
[Black "Satyapragyan, Swayangsu"]
[Result "1/2-1/2"]
[WhiteElo "2594"]
[BlackElo "2397"]
[PlyCount "159"]
[EventDate "2015.08.17"]
[EventRounds "13"]
[EventCountry "IND"]

1. e4 e6 2. d4 d5 3. Nd2 a6 4. Ngf3 c5 5. dxc5 Bxc5 6. Bd3 Nc6 7. O-O Nge7 8.
Qe2 Bb6 9. Nb3 O-O 10. Bd2 Ng6 11. Rad1 Qf6 12. c3 Nf4 13. Bxf4 Qxf4 14. exd5
exd5 15. Bb1 Be6 16. Qd2 Qg4 17. h3 Qh5 18. Qg5 Qxg5 19. Nxg5 h6 20. Nf3 Rad8
21. Rfe1 Rfe8 22. Kf1 Kf8 23. Nfd4 Bc8 24. Rxe8+ Rxe8 25. Nf3 Be6 26. Nbd4 Bc8
27. Ne2 Rd8 28. Bc2 Na5 29. Nf4 Be6 30. Nd4 Bc8 31. Nde2 Be6 32. h4 Nc4 33. b3
Na3 34. Bd3 g5 35. hxg5 hxg5 36. Nxe6+ fxe6 37. f4 Ke7 38. g3 gxf4 39. gxf4 Rg8
40. c4 dxc4 41. bxc4 Rd8 42. c5 Bxc5 43. Rc1 b6 44. Rc3 Nb1 45. Bxb1 Rd1+ 46.
Kg2 Rxb1 47. Rc2 Kf6 48. Ng3 Re1 49. Rc3 Ke7 50. Kf3 Ra1 51. Ne4 Rxa2 52. Nxc5
bxc5 53. Rxc5 Kd6 54. Rh5 Ra1 55. Ke2 Ra3 56. Rg5 Ke7 57. Re5 Kf6 58. Rc5 a5
59. Kd2 a4 60. Ra5 Ra1 61. Kc2 a3 62. Ra8 a2 63. Kb3 Rb1+ 64. Kxa2 Rb4 65. Rf8+
Ke7 66. Rh8 Rxf4 67. Kb3 Rd4 68. Kc3 Rd1 69. Kc2 Rd6 70. Rh1 Rd5 71. Rg1 Kd6
72. Re1 Rd4 73. Re3 Kd5 74. Kc3 Re4 75. Rf3 Ra4 76. Kd2 e5 77. Rb3 Ke4 78. Ke2
Ra2+ 79. Ke1 Kf4 80. Rc3 1/2-1/2

[Event "GLOCAL SQUARE 53rd National Challengers Chess Cham"]
[Site "Naivedhyam Celebration Centre, Nagpur"]
[Date "2015.08.26"]
[Round "12"]
[Board "5"]
[White "Gusain, Himal"]
[Black "Shyam, Sundar M."]
[Result "0-1"]
[WhiteElo "2302"]
[BlackElo "2499"]
[PlyCount "62"]
[EventDate "2015.08.17"]
[EventRounds "13"]
[EventCountry "IND"]

1. e4 e5 2. Nf3 Nc6 3. Bc4 Bc5 4. O-O Nf6 5. d3 d6 6. c3 a6 7. Bb3 Ba7 8. Nbd2
O-O 9. h3 h6 10. Re1 Nh5 11. Nf1 Qf6 12. Be3 Nf4 13. Ng3 g6 14. d4 h5 15. Qd2
Nxh3+ 16. gxh3 Qxf3 17. Bd1 Qf6 18. Bg5 Qh8 19. Nxh5 f6 20. Bh6 Rf7 21. Bb3 g5
22. Nxf6+ Qxf6 23. Bxg5 Qg6 24. Re3 Kh7 25. Rg3 exd4 26. Bf4 Qh5 27. Rg5 Rg7
28. Rxg7+ Kxg7 29. Qd3 Bxh3 30. Qg3+ Qg4 31. Kh2 Rh8 0-1

[Event "GLOCAL SQUARE 53rd National Challengers Chess Cham"]
[Site "Naivedhyam Celebration Centre, Nagpur"]
[Date "2015.08.26"]
[Round "12"]
[Board "6"]
[White "Neelotpal, Das"]
[Black "K., Praneeth Surya"]
[Result "1/2-1/2"]
[WhiteElo "2448"]
[BlackElo "2347"]
[PlyCount "133"]
[EventDate "2015.08.17"]
[EventRounds "13"]
[EventCountry "IND"]

1. e4 c5 2. Nf3 d6 3. d4 cxd4 4. Nxd4 Nf6 5. Nc3 a6 6. g3 e5 7. Nde2 Nbd7 8.
Bg2 b5 9. Nd5 Nxd5 10. Qxd5 Rb8 11. O-O Be7 12. Qd1 O-O 13. Nc3 Nf6 14. Bg5 Be6
15. Bxf6 Bxf6 16. Nd5 Bxd5 17. Qxd5 Qc7 18. Qd2 Rfc8 19. c3 a5 20. Rac1 h6 21.
h4 Qb6 22. Rfd1 Be7 23. Qe2 Rc5 24. Bf1 Bf8 25. Qf3 Rbc8 26. Bd3 b4 27. Bc2
bxc3 28. Bb3 Qa7 29. bxc3 a4 30. Bd5 Rb5 31. Qf5 Rc7 32. c4 Rb8 33. Rb1 Rxb1
34. Rxb1 Re7 35. g4 Qd7 36. Rb8 Qxf5 37. exf5 e4 38. g5 hxg5 39. hxg5 g6 40.
fxg6 Kg7 41. Ra8 fxg6 42. Rxa4 Kh7 43. Ra8 Bg7 44. Rd8 Bd4 45. Rxd6 e3 46. fxe3
Bxe3+ 47. Kg2 Bxg5 48. Kf3 Ra7 49. Be4 Rxa2 50. Rxg6 Ra3+ 51. Kg4 Bc1 52. c5
Ra4 53. Kf3 Ra3+ 54. Kg4 Ra4 55. Kf5 Ra5 56. Kf6 Bb2+ 57. Ke7 Ra7+ 58. Kd6 Ba3
59. Kd5 Bxc5 60. Rc6+ Kg7 61. Kxc5 Ra1 62. Kd5 Ra5+ 63. Ke6 Ra7 64. Kf5 Ra5+
65. Kf4 Ra1 66. Bf5 Kf7 67. Kg5 1/2-1/2

[Event "GLOCAL SQUARE 53rd National Challengers Chess Cham"]
[Site "Naivedhyam Celebration Centre, Nagpur"]
[Date "2015.08.26"]
[Round "12"]
[Board "7"]
[White "Karthikeyan, P."]
[Black "Laxman, R.R."]
[Result "1-0"]
[WhiteElo "2426"]
[BlackElo "2425"]
[PlyCount "97"]
[EventDate "2015.08.17"]
[EventRounds "13"]
[EventCountry "IND"]

1. Nf3 Nf6 2. c4 e6 3. b3 b6 4. g3 Bb7 5. Bg2 g6 6. Bb2 Bg7 7. O-O O-O 8. e3 c5
9. d4 d6 10. Qc2 Nc6 11. Nbd2 Rc8 12. Rad1 Qe7 13. Qb1 Rfd8 14. Rfe1 a6 15. a3
cxd4 16. exd4 d5 17. Ne5 Qc7 18. Rc1 Qb8 19. Nef3 Ne7 20. c5 Nd7 21. b4 Bc6 22.
Ba1 Ba4 23. Qd3 Qb7 24. h4 a5 25. h5 axb4 26. axb4 bxc5 27. bxc5 Bb5 28. Qb3
Rb8 29. hxg6 hxg6 30. Ng5 Qc7 31. Qf3 Nf6 32. Bh3 Rf8 33. Qh1 Bd7 34. Ndf3 Bh6
35. Bc3 Rb3 36. Bd2 Bg7 37. Bf4 Qa5 38. Bd6 Nc6 39. Ne5 Bh6 40. Bxe6 Bxg5 41.
Nxg6 fxe6 42. Qh8+ Kf7 43. Ne5+ Nxe5 44. Qxf8+ Kg6 45. dxe5 Rf3 46. exf6 Qd2
47. Qg7+ Kh5 48. Rf1 Be8 49. Qh8+ 1-0

[Event "GLOCAL SQUARE 53rd National Challengers Chess Cham"]
[Site "Naivedhyam Celebration Centre, Nagpur"]
[Date "2015.08.26"]
[Round "12"]
[Board "8"]
[White "Lalith, Babu M.R."]
[Black "Palit, Somak"]
[Result "1-0"]
[WhiteElo "2570"]
[BlackElo "2345"]
[PlyCount "57"]
[EventDate "2015.08.17"]
[EventRounds "13"]
[EventCountry "IND"]

1. d4 d5 2. Nf3 Nc6 3. c4 Bg4 4. Nc3 e6 5. Bf4 Bxf3 6. gxf3 Bd6 7. Bg3 Nge7 8.
e3 Qd7 9. Qa4 f5 10. O-O-O f4 11. c5 fxg3 12. hxg3 Bxg3 13. fxg3 Nf5 14. Bd3
O-O-O 15. Bxf5 exf5 16. e4 fxe4 17. fxe4 Kb8 18. exd5 Ne7 19. c6 bxc6 20. dxc6
Nxc6 21. Nb5 Qd5 22. Kb1 Kb7 23. Rh4 g5 24. Rh6 Rhe8 25. Nc3 Qf5+ 26. Kc1 Rd7
27. d5 Nb8 28. Qc4 Re5 29. Rf1 1-0

[Event "GLOCAL SQUARE 53rd National Challengers Chess Cham"]
[Site "Naivedhyam Celebration Centre, Nagpur"]
[Date "2015.08.26"]
[Round "12"]
[Board "9"]
[White "Harsha, Bharathakoti"]
[Black "Deepan, Chakkravarthy J."]
[Result "1-0"]
[WhiteElo "2360"]
[BlackElo "2500"]
[PlyCount "97"]
[EventDate "2015.08.17"]
[EventRounds "13"]
[EventCountry "IND"]

1. b3 Nf6 2. Bb2 g6 3. Bxf6 exf6 4. c4 Bg7 5. Nc3 O-O 6. g3 d6 7. Bg2 h5 8. e3
Re8 9. Nge2 Nd7 10. d4 Nf8 11. Nf4 Rb8 12. O-O Bh6 13. b4 Bg4 14. Qa4 g5 15.
Nd3 a6 16. c5 h4 17. c6 b5 18. Qxa6 f5 19. Rfe1 Ng6 20. Nd5 Kg7 21. Qa7 Rc8 22.
a4 hxg3 23. hxg3 f4 24. axb5 f3 25. b6 cxb6 26. c7 Qd7 27. Nxb6 Qxc7 28. Nxc8
Qxc8 29. Bh1 Bf5 30. Rac1 Qd8 31. Rc7 Qf6 32. Bxf3 Bxd3 33. Bd5 Ne7 34. Bg2 g4
35. Qa3 Bb5 36. Qa5 Bd3 37. Qa3 Bb5 38. Qa5 Bd3 39. Qa4 Rh8 40. Qd1 Bf5 41. e4
Bc8 42. b5 d5 43. exd5 Ng6 44. b6 Qxb6 45. Qc2 Qa6 46. d6 Qa5 47. Rb1 Bf5 48.
Qc4 Bg5 49. Rc5 1-0

[Event "GLOCAL SQUARE 53rd National Challengers Chess Cham"]
[Site "Naivedhyam Celebration Centre, Nagpur"]
[Date "2015.08.26"]
[Round "12"]
[Board "10"]
[White "Das, Arghyadip"]
[Black "Thakur, Akash"]
[Result "1-0"]
[WhiteElo "2485"]
[BlackElo "2332"]
[PlyCount "95"]
[EventDate "2015.08.17"]
[EventRounds "13"]
[EventCountry "IND"]

1. e4 e5 2. Nf3 Nc6 3. Nc3 Nf6 4. Bb5 Bb4 5. O-O O-O 6. d3 d6 7. Ne2 Ne7 8. c3
Ba5 9. Ng3 c6 10. Ba4 b5 11. Bc2 c5 12. Bg5 Ne8 13. d4 f6 14. Be3 Qc7 15. Rc1
Bb6 16. Ne1 Be6 17. f4 exf4 18. Rxf4 Ng6 19. Rf1 Qd7 20. Qd2 Rd8 21. d5 Bf7 22.
Nf3 Ne5 23. Nxe5 dxe5 24. Qf2 Qc7 25. a4 c4 26. axb5 Nd6 27. Ra1 Nxb5 28. Ra6
Rb8 29. Rfa1 Bg6 30. h4 h6 31. Bxb6 Rxb6 32. R6a2 Rfb8 33. Bd1 R8b7 34. Ba4 Nd6
35. Bc6 Nxe4 36. Nxe4 Bxe4 37. Bxb7 Rxb7 38. Rxa7 Bxd5 39. Ra8+ Kf7 40. h5 Qb6
41. Qxb6 Rxb6 42. R1a7+ Ke6 43. Ra6 Rxa6 44. Rxa6+ Kf5 45. Ra7 g6 46. g4+ Kxg4
47. hxg6 Kg5 48. Rd7 1-0

[Event "GLOCAL SQUARE 53rd National Challengers Chess Cham"]
[Site "Naivedhyam Celebration Centre, Nagpur"]
[Date "2015.08.26"]
[Round "12"]
[Board "11"]
[White "Das, Sayantan"]
[Black "Mehar, Chinna Reddy C.H."]
[Result "1-0"]
[WhiteElo "2444"]
[BlackElo "2327"]
[PlyCount "59"]
[EventDate "2015.08.17"]
[EventRounds "13"]
[EventCountry "IND"]

1. Nf3 d5 2. c4 c6 3. e3 Nf6 4. Nc3 e6 5. Qc2 Nbd7 6. b3 Bd6 7. Bb2 a6 8. Be2
Qe7 9. Rg1 Ne5 10. Nxe5 Bxe5 11. g4 h6 12. h4 Nd7 13. g5 hxg5 14. hxg5 b5 15.
f4 Bd6 16. O-O-O bxc4 17. Rh1 Rxh1 18. Rxh1 Ba3 19. Rh8+ Nf8 20. bxc4 Rb8 21.
Bxa3 Qxa3+ 22. Kd1 g6 23. Ke1 Qc5 24. Na4 Qb4 25. Kf2 a5 26. cxd5 cxd5 27. Qc7
d4 28. a3 dxe3+ 29. dxe3 Qxa4 30. Qd6 1-0

[Event "GLOCAL SQUARE 53rd National Challengers Chess Cham"]
[Site "Naivedhyam Celebration Centre, Nagpur"]
[Date "2015.08.26"]
[Round "12"]
[Board "12"]
[White "Anurag, Mhamal"]
[Black "Rathnakaran, K."]
[Result "0-1"]
[WhiteElo "2393"]
[BlackElo "2417"]
[PlyCount "86"]
[EventDate "2015.08.17"]
[EventRounds "13"]
[EventCountry "IND"]

1. e4 e6 2. d4 d5 3. Nd2 Nf6 4. e5 Nfd7 5. Bd3 c5 6. c3 Nc6 7. Ne2 cxd4 8. cxd4
f6 9. Nf4 Nxd4 10. Qh5+ Ke7 11. exf6+ Nxf6 12. Ng6+ hxg6 13. Qxh8 Kf7 14. O-O
e5 15. Nb3 Nxb3 16. axb3 Be6 17. Bg5 e4 18. Be2 Qb6 19. Bxf6 gxf6 20. h4 Rd8
21. h5 gxh5 22. Bxh5+ Ke7 23. Rac1 Kd7 24. Qxf6 Be7 25. Qg7 Rg8 26. Qh7 Rg5 27.
Rc3 Bg8 28. Qh8 Qf6 29. Qxf6 Bxf6 30. Rh3 Bxb2 31. f4 Rg7 32. g4 Ke7 33. g5 Be6
34. Rg3 Bf5 35. Kg2 d4 36. Bg4 Ke6 37. Rh1 Bxg4 38. Rh6+ Kd5 39. Rxg4 d3 40. f5
e3 41. Kf3 e2 42. Rh1 Re7 43. Rg2 Bd4 0-1

[Event "GLOCAL SQUARE 53rd National Challengers Chess Cham"]
[Site "Naivedhyam Celebration Centre, Nagpur"]
[Date "2015.08.26"]
[Round "12"]
[Board "13"]
[White "Nitin, S."]
[Black "Kulkarni, Vikramaditya"]
[Result "1-0"]
[WhiteElo "2404"]
[BlackElo "2322"]
[PlyCount "43"]
[EventDate "2015.08.17"]
[EventRounds "13"]
[EventCountry "IND"]

1. e4 e6 2. d4 d5 3. Bd3 Nc6 4. c3 e5 5. Nf3 exd4 6. O-O Bg4 7. exd5 Qxd5 8.
Re1+ Nge7 9. Be4 Qd6 10. Qb3 O-O-O 11. Nxd4 f6 12. Na3 Na5 13. Qa4 Qc5 14. Ndb5
Qb6 15. Be3 Qa6 16. Nxa7+ Kb8 17. b4 f5 18. b5 Qd6 19. b6 Nd5 20. Bxd5 Qxd5 21.
bxc7+ Kxc7 22. N7b5+ 1-0

[Event "GLOCAL SQUARE 53rd National Challengers Chess Cham"]
[Site "Naivedhyam Celebration Centre, Nagpur"]
[Date "2015.08.26"]
[Round "12"]
[Board "14"]
[White "Sahoo, Utkal Ranjan"]
[Black "Ravi, Teja S."]
[Result "1-0"]
[WhiteElo "2215"]
[BlackElo "2416"]
[PlyCount "97"]
[EventDate "2015.08.17"]
[EventRounds "13"]
[EventCountry "IND"]

1. d4 d5 2. c4 c6 3. cxd5 cxd5 4. Nc3 Nf6 5. Bf4 Nc6 6. e3 a6 7. Bd3 Bg4 8.
Nge2 e6 9. O-O Bd6 10. f3 Bh5 11. Na4 Bg6 12. Nc5 Bxf4 13. Nxf4 Qe7 14. Qb3
Bxd3 15. Nfxd3 Rb8 16. Nb4 Nxb4 17. Qxb4 Qd6 18. Qa4+ Nd7 19. Rac1 Ke7 20. Nxd7
Qxd7 21. Qb4+ Kf6 22. Rc3 Rhc8 23. Rfc1 g6 24. Qa5 Rxc3 25. Qxc3 Re8 26. Qc7
Qxc7 27. Rxc7 Re7 28. Rc5 Rd7 29. Kf2 Ke7 30. Ke2 Kd6 31. Rc8 Rc7 32. Rxc7 Kxc7
33. Kd3 Kd6 34. b4 b6 35. a4 Ke7 36. g4 Kf6 37. f4 h5 38. h3 h4 39. g5+ Kf5 40.
b5 a5 41. Kd2 f6 42. gxf6 Kxf6 43. Ke2 Kf7 44. Kf3 Ke7 45. e4 dxe4+ 46. Kxe4
Kd6 47. Ke3 Ke7 48. Kf3 Kf7 49. Kg4 1-0

[Event "GLOCAL SQUARE 53rd National Challengers Chess Cham"]
[Site "Naivedhyam Celebration Centre, Nagpur"]
[Date "2015.08.26"]
[Round "12"]
[Board "15"]
[White "Harshal, Shahi"]
[Black "Stany, G.A."]
[Result "1/2-1/2"]
[WhiteElo "2226"]
[BlackElo "2392"]
[PlyCount "160"]
[EventDate "2015.08.17"]
[EventRounds "13"]
[EventCountry "IND"]

1. e4 d6 2. d4 Nf6 3. Nc3 g6 4. Be3 c6 5. h3 Nbd7 6. f4 Qa5 7. Bd3 e5 8. Qf3
Bg7 9. Nge2 b5 10. O-O b4 11. Nb1 O-O 12. a3 Bb7 13. axb4 Qxa1 14. Nbc3 Qxb2
15. Rb1 Qxb1+ 16. Nxb1 exd4 17. Bxd4 c5 18. Bc3 c4 19. Bxc4 Bxe4 20. Qf2 Bxc2
21. Na3 Be4 22. Bd4 a6 23. Nc3 Bb7 24. Bd3 d5 25. Na4 Bc6 26. Nc5 Nxc5 27. bxc5
Rfb8 28. Qc2 a5 29. Qc3 Ne8 30. Bxg7 Nxg7 31. Qf6 Rc8 32. Kh2 a4 33. f5 Ra5 34.
Qc3 Ra7 35. Qb4 Bd7 36. fxg6 hxg6 37. Bb5 Ne6 38. c6 Be8 39. h4 Kh7 40. Qg4
Bxc6 41. h5 gxh5 42. Bd3+ Kh6 43. Qf5 Kg7 44. Qe5+ Kg8 45. Qxh5 Be8 46. Bf5
Rca8 47. Qh7+ Kf8 48. Qh8+ Ke7 49. Qh4+ f6 50. Qb4+ Kf7 51. Qg4 Ng5 52. Qd4 Ra5
53. Qb6 Kg7 54. Qc7+ Bf7 55. Qb6 Ne4 56. Qb4 Ng5 57. Kg1 R5a7 58. Qb6 Re7 59.
Qc6 Ree8 60. Qc3 Reb8 61. Qc5 Rd8 62. Qd4 Bg6 63. Bxg6 Kxg6 64. Nb5 Ne4 65. Qd3
Rab8 66. g3 Rbc8 67. Qd1 f5 68. Qxa4 Nxg3 69. Qa6+ Kg5 70. Nd6 Rc1+ 71. Kg2
Rxd6 72. Qxd6 Ne4 73. Qxd5 Kg4 74. Qd3 Rc3 75. Qd1+ Kf4 76. Qf1+ Kg5 77. Qd1
Rg3+ 78. Kh2 Rh3+ 79. Kg2 Rg3+ 80. Kh2 Rh3+ 1/2-1/2

[Event "GLOCAL SQUARE 53rd National Challengers Chess Cham"]
[Site "Naivedhyam Celebration Centre, Nagpur"]
[Date "2015.08.26"]
[Round "12"]
[Board "16"]
[White "Roy Chowdhury, Saptarshi"]
[Black "Karthik, V.   Ap"]
[Result "1/2-1/2"]
[WhiteElo "2373"]
[BlackElo "2256"]
[PlyCount "66"]
[EventDate "2015.08.17"]
[EventRounds "13"]
[EventCountry "IND"]

1. e4 b6 2. d4 Bb7 3. Bd3 e6 4. Nf3 d5 5. e5 c5 6. c3 Ne7 7. b4 Qd7 8. bxc5
bxc5 9. Nbd2 Nec6 10. Ba3 Qc7 11. O-O Be7 12. Rb1 Nd7 13. Re1 O-O 14. c4 dxc4
15. Nxc4 Nb4 16. dxc5 Nxd3 17. Qxd3 Ba6 18. Rbc1 Rfd8 19. Qc2 Bxc5 20. Ng5 Nf8
21. Bxc5 Qxc5 22. Nxf7 Rd4 23. Ncd6 Qxc2 24. Rxc2 h6 25. h3 Nd7 26. Re3 Rd3 27.
Re1 Nb6 28. h4 Nd5 29. Rc6 Ra3 30. Rd1 Bd3 31. Rdc1 Ba6 32. Rd1 Bd3 33. Rdc1
Ba6 1/2-1/2

[Event "GLOCAL SQUARE 53rd National Challengers Chess Cham"]
[Site "Naivedhyam Celebration Centre, Nagpur"]
[Date "2015.08.26"]
[Round "12"]
[Board "17"]
[White "Sharma, Dinesh K."]
[Black "Navalgund, Niranjan"]
[Result "1/2-1/2"]
[WhiteElo "2363"]
[BlackElo "2245"]
[PlyCount "54"]
[EventDate "2015.08.17"]
[EventRounds "13"]
[EventCountry "IND"]

1. e4 e5 2. Nf3 Nc6 3. Bb5 Nge7 4. O-O a6 5. Ba4 g6 6. c3 Bg7 7. d4 exd4 8.
cxd4 b5 9. Bb3 O-O 10. h3 d6 11. Nc3 Na5 12. Bc2 c5 13. Ne2 Bb7 14. d5 Nc4 15.
Rb1 Nb6 16. b3 Qd7 17. Nh2 f5 18. f3 Nexd5 19. exd5 Nxd5 20. Qd2 Rae8 21. Bb2
Ne3 22. Rfe1 Bh6 23. Qc3 Re5 24. Qd3 Rd5 25. Qc3 Re5 26. Qd3 Re7 27. Qc3 Re5
 1/2-1/2

[Event "GLOCAL SQUARE 53rd National Challengers Chess Cham"]
[Site "Naivedhyam Celebration Centre, Nagpur"]
[Date "2015.08.26"]
[Round "12"]
[Board "18"]
[White "Konguvel, Ponnuswamy"]
[Black "Varun, V"]
[Result "1-0"]
[WhiteElo "2340"]
[BlackElo "2171"]
[PlyCount "62"]
[EventDate "2015.08.17"]
[EventRounds "13"]
[EventCountry "IND"]

1. e4 c5 2. Nf3 g6 3. d4 cxd4 4. Nxd4 Nc6 5. c4 Nf6 6. Nc3 d6 7. Be2 Nxd4 8.
Qxd4 Bg7 9. Be3 O-O 10. Qd2 a5 11. Rd1 Be6 12. O-O a4 13. Bd4 Qa5 14. f4 Rfc8
15. b3 axb3 16. axb3 Qd8 17. Bf3 Ra3 18. e5 Nd7 19. exd6 Bxd4+ 20. Qxd4 Rxb3
21. Bd5 exd6 22. f5 Bxf5 23. c5 Rxc3 24. Qxc3 Rxc5 25. Qb3 Qb6 26. Bxf7+ Kf8
27. Qxb6 Nxb6 28. Rxd6 Nc8 29. Rd4 Rc6 30. g4 Ne7 31. g5 Nd5 1-0

[Event "GLOCAL SQUARE 53rd National Challengers Chess Cham"]
[Site "Naivedhyam Celebration Centre, Nagpur"]
[Date "2015.08.26"]
[Round "12"]
[Board "19"]
[White "Gokhale, Chandrashekhar"]
[Black "Girinath, P.D.S."]
[Result "1/2-1/2"]
[WhiteElo "2218"]
[BlackElo "2338"]
[PlyCount "41"]
[EventDate "2015.08.17"]
[EventRounds "13"]
[EventCountry "IND"]

1. d4 Nf6 2. Nf3 b6 3. Bf4 Bb7 4. e3 d6 5. Be2 Nbd7 6. O-O Nh5 7. Bg3 g6 8. c3
Bg7 9. a4 a6 10. Qb3 Nxg3 11. hxg3 O-O 12. Nbd2 Nf6 13. Rfe1 Rb8 14. Rad1 Bd5
15. Bc4 Bb7 16. Be2 Bd5 17. Bc4 Bb7 18. Be2 Bd5 19. Bc4 Bb7 20. Be2 Bd5 21. Bc4
 1/2-1/2